Industrial stoichiometry; (Record no. 4370)
[ view plain ]
| 000 -LEADER | |
|---|---|
| fixed length control field | 00866nac a22002171u 4500 |
| 010 ## - LIBRARY OF CONGRESS CONTROL NUMBER | |
| LC control number | 53012048 |
| 035 ## - SYSTEM CONTROL NUMBER | |
| System control number | (OCoLC)2116408 |
| 082 ## - DEWEY DECIMAL CLASSIFICATION NUMBER | |
| Classification number | 660.76 |
| Item number | L6731 |
| 090 ## - LOCALLY ASSIGNED LC-TYPE CALL NUMBER (OCLC); LOCAL CALL NUMBER (OCLC) | |
| -- | 4370 |
| -- | 4370 |
| 100 ## - MAIN ENTRY--PERSONAL NAME | |
| Personal name | Lewis, Warren Kendall, |
| 245 10 - TITLE STATEMENT | |
| Title | Industrial stoichiometry; |
| Remainder of title | chemical calculations of manufacturing processes |
| Statement of responsibility, etc | [by] Warren K. Lewis, Arthur H. Radasch [and] H. Clay Lewis. |
| 250 ## - EDITION STATEMENT | |
| Edition statement | 2d ed. |
| 260 ## - PUBLICATION, DISTRIBUTION, ETC. (IMPRINT) | |
| Place of publication, distribution, etc | New York, |
| Name of publisher, distributor, etc | McGraw-Hill, |
| Date of publication, distribution, etc | 1954. |
| 300 ## - PHYSICAL DESCRIPTION | |
| Extent | 429 p. |
| Other physical details | illus. |
| Dimensions | 24 cm. |
| 440 #0 - | |
| -- | McGraw-Hill series in chemical engineering |
| 650 #0 - SUBJECT ADDED ENTRY--TOPICAL TERM | |
| Topical term or geographic name as entry element | Chemistry |
| General subdivision | Problems, exercises, etc. |
| 700 1# - ADDED ENTRY--PERSONAL NAME | |
| Personal name | Radasch, Arthur Hitchcock, |
| Dates associated with a name | 1898- |
| 700 1# - ADDED ENTRY--PERSONAL NAME | |
| Personal name | Lewis, H. Clay |
| Fuller form of name | (Herbert Clay), |
| Dates associated with a name | 1913- |
| 942 ## - ADDED ENTRY ELEMENTS (KOHA) | |
| Item type | Book - Borrowing |
| Call number prefix | 660.76L6731 |
| Withdrawn status | Item status | Damaged status | Not for loan | Home library | Current library | Shelving location | Date acquired | Source of acquisition | Total Checkouts | Full call number | Barcode | Date last seen | Koha item type |
|---|---|---|---|---|---|---|---|---|---|---|---|---|---|
| Central Library | Central Library | First floor | 04/09/2007 | Purchase | 660.76 LEW | 000005344 | 15/07/2025 | Book - Borrowing |